[Event "IECC KO-3086"]
[Site "IECC email"]
[Date "2014.02.04"]
[Round "?"]
[White "Negru, Laurentiu"]
[Black "Wenger, Joseph"]
[Result "1-0"]
[WhiteElo "1771"]
[BlackElo "1669"]
[PlyCount "93"]
[EventDate "2013.??.??"]
[EventType "match (corr)"]
[EventRounds "2"]
[SourceTitle "Corr 2020"]
[Source "ChessBase"]
[SourceDate "2019.09.30"]
[SourceVersion "1"]
[SourceVersionDate "2019.09.30"]
[SourceQuality "1"]
[WhiteTeam "Romania"]
[BlackTeam "United States"]
[WhiteTeamCountry "ROU"]
[BlackTeamCountry "USA"]

1. d4 e6 2. g3 c5 3. Nf3 cxd4 4. Bg2 Nf6 5. 0-0 d5 6. Nxd4 e5 7. Nb3 Be6 8. Nc3 h6 9. f4 e4 10. f5 Bc8 11. Be3 a5 12. Na4 Nbd7 13. c4 dxc4 14. Nd2 Bb4 15. Nxc4 Ra6 16. a3 Be7 17. Qb3 0-0 18. Rad1 Ng4 19. Bb6 Qe8 20. Bd4 Bf6 21. Rf4 Nde5 22. Nxe5 Nxe5 23. Bc5 Be7 24. Rd5 Nd7 25. Bxe7 Qxe7 26. Rxe4 Qf6 27. Qd1 Nb8 28. Qd2 Nc6 29. g4 Qh4 30. Bf3 Qg5 31. Qxg5 hxg5 32. Re3 Kh7 33. Be4 Nb8 34. Bd3 Rc6 35. Rxa5 Nd7 36. Nc3 Nf6 37. h3 Rc7 38. Nd5 Rc1+ 39. Kf2 Rd8 40. Nxf6+ gxf6 41. Re4 Rc7 42. Rc4 Rxc4 43. Bxc4 Kg7 44. Rc5 Bd7 45. Rd5 Rc8 46. Rxd7 Rxc4 47. Rxb7 1-0

[Event "IECC 2014-1.01"]
[Site "IECC email"]
[Date "2014.01.05"]
[Round "?"]
[White "Paluch, Andrzej"]
[Black "Negru, Laurentiu"]
[Result "0-1"]
[WhiteElo "1583"]
[BlackElo "1764"]
[PlyCount "56"]
[EventDate "2014.??.??"]
[EventType "tourn (corr)"]
[SourceTitle "Corr 2020"]
[Source "ChessBase"]
[SourceDate "2019.09.30"]
[SourceVersion "1"]
[SourceVersionDate "2019.09.30"]
[SourceQuality "1"]
[WhiteTeam "Poland"]
[BlackTeam "Romania"]
[WhiteTeamCountry "POL"]
[BlackTeamCountry "ROU"]

1. d4 Nf6 2. c4 g6 3. Nf3 Bg7 4. g3 d5 5. Bg2 0-0 6. 0-0 dxc4 7. Na3 c3 8. bxc3 c5 9. Ne5 Nc6 10. Nac4 Nd5 11. Nxc6 bxc6 12. Bd2 cxd4 13. cxd4 Bxd4 14. Rc1 Be6 15. e4 Nb6 16. Na5 c5 17. Bc3 Rc8 18. Bxd4 cxd4 19. Rxc8 Bxc8 20. Qd2 e5 21. Rc1 Be6 22. Rc6 Na4 23. f4 Nc3 24. Nb3 Qd7 25. Ra6 exf4 26. gxf4 Bc4 27. Nc5 Qc7 28. Nd3 Bxa6 0-1

[Event "IECC CL4-2013.04 email"]
[Site "IECC email"]
[Date "2013.08.15"]
[Round "?"]
[White "Negru, Laurentiu"]
[Black "Bertel, Michael"]
[Result "1-0"]
[WhiteElo "1724"]
[BlackElo "1781"]
[PlyCount "137"]
[EventDate "2013.??.??"]
[EventType "tourn (corr)"]
[EventRounds "4"]
[SourceTitle "Telechess CBM 165"]
[Source "ChessBase"]
[SourceDate "2015.03.11"]
[SourceVersion "1"]
[SourceVersionDate "2015.03.11"]
[SourceQuality "1"]
[WhiteTeam "Romania"]
[BlackTeam "US of America"]
[WhiteTeamCountry "ROU"]
[BlackTeamCountry "USA"]

1. d4 Nf6 2. c4 d5 3. Nc3 e6 4. Nf3 c5 5. cxd5 cxd4 6. Qxd4 exd5 7. Bg5 Be7 8. e4 Nc6 9. Bb5 0-0 10. Bxc6 bxc6 11. e5 Nd7 12. Bxe7 Qxe7 13. 0-0 Bb7 14. Rfe1 c5 15. Qf4 Rab8 16. b3 Rfd8 17. Qg3 Ba8 18. Ne2 Rb4 19. h4 Re8 20. Nf4 Rb6 21. Nh2 d4 22. Ng4 Kh8 23. h5 Qg5 24. f3 Bb7 25. Qh2 a5 26. e6 fxe6 27. Ne5 Nxe5 28. Rxe5 Qd8 29. h6 g5 30. Nd3 Bd5 31. Rae1 Rc6 32. Qg3 Rg8 33. Rxe6 Qc7 34. Qxc7 Rxc7 35. R6e5 Bf7 36. Re7 Rgc8 37. Nxc5 Rxe7 38. Rxe7 Rxc5 39. Rxf7 Kg8 40. Rg7+ Kh8 41. Rd7 Kg8 42. Rxd4 Kf7 43. Rc4 Rb5 44. Kf2 Rb6 45. Rc5 a4 46. Rxg5 axb3 47. axb3 Rxh6 48. b4 Rb6 49. b5 Kf6 50. Rh5 Kf7 51. Ke3 h6 52. Kd4 Ke7 53. Kc5 Re6 54. b6 Kd7 55. Kb5 Re2 56. g4 Rf2 57. Ka6 Ra2+ 58. Kb7 Rb2 59. Rxh6 Rb3 60. Rf6 Ke7 61. g5 Rb5 62. f4 Rb4 63. Kc6 Rc4+ 64. Kb5 Rc8 65. b7 Rc1 66. Rb6 Rb1+ 67. Kc5 Rc1+ 68. Kd5 Rd1+ 69. Ke5 1-0

[Event "IECC CL4-2013.04 email"]
[Site "IECC email"]
[Date "2013.08.15"]
[Round "?"]
[White "Negru, Laurentiu"]
[Black "Martin, Dennis"]
[Result "1-0"]
[WhiteElo "1700"]
[BlackElo "1807"]
[PlyCount "88"]
[EventDate "2013.??.??"]
[EventType "tourn (corr)"]
[EventRounds "4"]
[SourceTitle "Telechess CBM 165"]
[Source "ChessBase"]
[SourceDate "2015.03.11"]
[SourceVersion "1"]
[SourceVersionDate "2015.03.11"]
[SourceQuality "1"]
[WhiteTeam "Romania"]
[BlackTeam "US of America"]
[WhiteTeamCountry "ROU"]
[BlackTeamCountry "USA"]

1. e4 e5 2. Nf3 Nf6 3. Nxe5 Qe7 4. Nf3 Nxe4 5. Be2 Qd8 6. 0-0 Be7 7. c4 0-0 8. d3 Nf6 9. d4 d5 10. Nc3 c6 11. Re1 Be6 12. Qb3 Qc7 13. Ng5 Bd6 14. Nxe6 fxe6 15. Bf3 Bxh2+ 16. Kh1 Re8 17. cxd5 a6 18. dxe6 Bd6 19. Bg5 Be7 20. Bxf6 Bxf6 21. d5 Be7 22. Rad1 Kh8 23. Re2 Ra7 24. Rc2 Bd6 25. Ne4 c5 26. Nxc5 Bxc5 27. d6 Qa5 28. d7 Nxd7 29. exd7 Re1+ 30. Rxe1 Qxe1+ 31. Kh2 Qe7 32. Qd5 Bd6+ 33. Kh3 Qxd7+ 34. Bg4 Qd8 35. Rc8 Ra8 36. Rxd8+ Rxd8 37. Qxb7 Be5 38. b4 Bd4 39. f4 Bc3 40. Be2 h6 41. Bxa6 Bf6 42. Bc4 Rd4 43. Bd5 Kh7 44. Kg4 Bd8 1-0

[Event "IECC KO-5084"]
[Site "IECC email"]
[Date "2013.05.08"]
[Round "?"]
[White "Heyvaert, Philippe"]
[Black "Negru, Laurentiu"]
[Result "1-0"]
[WhiteElo "2047"]
[BlackElo "1688"]
[PlyCount "63"]
[EventDate "2013.??.??"]
[EventType "match (corr)"]
[EventRounds "2"]
[SourceTitle "Telechess CBM 165"]
[Source "ChessBase"]
[SourceDate "2015.03.11"]
[SourceVersion "1"]
[SourceVersionDate "2015.03.11"]
[SourceQuality "1"]
[WhiteTeam "Belgium"]
[BlackTeam "Romania"]
[WhiteTeamCountry "BEL"]
[BlackTeamCountry "ROU"]

1. d4 f5 2. Nf3 e6 3. g3 Nf6 4. Bg2 d5 5. c4 c6 6. Nc3 Bd6 7. 0-0 0-0 8. a4 Ne4 9. a5 Nd7 10. Qb3 Qe7 11. Be3 Ndf6 12. Nxe4 dxe4 13. Ne5 Nd7 14. Nxd7 Qxd7 15. f3 exf3 16. Rxf3 Rb8 17. c5 Bc7 18. Qc4 Qe7 19. Bd2 Bd7 20. e4 Kh8 21. Qb4 fxe4 22. Rxf8+ Qxf8 23. Re1 e5 24. Bc3 exd4 25. Qxd4 Rd8 26. Qc4 Qf5 27. Bxe4 Qg5 28. a6 b5 29. Qf7 Qxc5+ 30. Kg2 Qf8 31. Rf1 Qg8 32. Bb1 1-0

[Event "IECC KO-5084"]
[Site "IECC email"]
[Date "2013.05.08"]
[Round "?"]
[White "Negru, Laurentiu"]
[Black "Heyvaert, Philippe"]
[Result "1/2-1/2"]
[WhiteElo "1690"]
[BlackElo "2073"]
[PlyCount "162"]
[EventDate "2013.??.??"]
[EventType "match (corr)"]
[EventRounds "2"]
[SourceTitle "Telechess CBM 165"]
[Source "ChessBase"]
[SourceDate "2015.03.11"]
[SourceVersion "1"]
[SourceVersionDate "2015.03.11"]
[SourceQuality "1"]
[WhiteTeam "Romania"]
[BlackTeam "Belgium"]
[WhiteTeamCountry "ROU"]
[BlackTeamCountry "BEL"]

1. d4 Nf6 2. c4 e6 3. g3 Bb4+ 4. Bd2 Be7 5. Bg2 0-0 6. Nf3 d5 7. 0-0 Nc6 8. Qc2 Ne4 9. Rd1 Nd6 10. b3 a5 11. Be1 Nb4 12. Qc1 f6 13. a3 Nc6 14. Nc3 dxc4 15. bxc4 Nxc4 16. d5 exd5 17. Nxd5 Nd6 18. Bc3 Re8 19. Nd4 Bd7 20. a4 Nxd4 21. Rxd4 Ra6 22. Qc2 c5 23. Rh4 f5 24. Rh5 Be6 25. Rd1 Bf7 26. Rh3 Bf8 27. g4 Qc8 28. Ne3 Ne4 29. Nxf5 Nxc3 30. Rxc3 g6 31. Ne3 Rd6 32. Rxd6 Bxd6 33. h3 b6 34. Bd5 Qc7 35. Rd3 Be5 36. Nc4 Bxd5 37. Rxd5 Bh2+ 38. Kg2 Qc6 39. e4 Bc7 40. f3 Re7 41. g5 h5 42. gxh6 Qf6 43. Qf2 Qf4 44. h4 Rf7 45. Ne3 Qh2+ 46. Kf1 Qh1+ 47. Ke2 Kh7 48. h5 gxh5 49. Rd1 Qh3 50. Qg2 Qxg2+ 51. Nxg2 Kxh6 52. Ke3 Bh2 53. Rh1 Bd6 54. Rd1 Bg3 55. f4 h4 56. Kf3 c4 57. Kg4 c3 58. Rd6+ Kh7 59. Rc6 Rg7+ 60. Kh3 Rd7 61. Rxc3 Rd4 62. Re3 Rxa4 63. Kg4 Bf2 64. Rh3 Kg7 65. Kf5 b5 66. Nxh4 Bxh4 67. Rxh4 b4 68. Rg4+ Kf8 69. Rg3 Ra3 70. Rg6 Rh3 71. Kg4 Rc3 72. Ra6 Rc5 73. Rb6 Rc4 74. Kf5 a4 75. e5 b3 76. e6 Ke7 77. Rb7+ Kd6 78. e7 Rc8 79. Kf6 Re8 80. Rb6+ Kc5 81. Rb7 Kc4 1/2-1/2

[Event "IECC Swiss-567.1"]
[Site "IECC email"]
[Date "2013.04.07"]
[Round "?"]
[White "Philips, Justin"]
[Black "Negru, Laurentiu"]
[Result "1-0"]
[WhiteElo "1909"]
[BlackElo "1684"]
[PlyCount "37"]
[EventDate "2013.??.??"]
[EventType "swiss (corr)"]
[EventRounds "1"]
[SourceTitle "Corr 2020"]
[Source "ChessBase"]
[SourceDate "2019.09.30"]
[SourceVersion "1"]
[SourceVersionDate "2019.09.30"]
[SourceQuality "1"]
[WhiteTeam "India"]
[BlackTeam "Romania"]
[WhiteTeamCountry "IND"]
[BlackTeamCountry "ROU"]

1. d4 Nf6 2. c4 c5 3. d5 e6 4. Nc3 exd5 5. cxd5 d6 6. e4 g6 7. f4 Bg7 8. Bb5+ Nfd7 9. Nf3 a6 10. Bd3 b5 11. 0-0 0-0 12. Kh1 Nb6 13. f5 N8d7 14. Bg5 Qc7 15. a3 Bb7 16. Qe1 Rfe8 17. Qh4 f6 18. fxg6 hxg6 19. e5 1-0

[Event "IECC KO-3086"]
[Site "IECC email"]
[Date "2013.03.12"]
[Round "?"]
[White "Negru, Laurentiu"]
[Black "Kepinski, Janusz"]
[Result "1/2-1/2"]
[WhiteElo "1669"]
[BlackElo "1830"]
[PlyCount "87"]
[EventDate "2013.??.??"]
[EventType "match (corr)"]
[EventRounds "2"]
[SourceTitle "Telechess CBM 165"]
[Source "ChessBase"]
[SourceDate "2015.03.11"]
[SourceVersion "1"]
[SourceVersionDate "2015.03.11"]
[SourceQuality "1"]
[WhiteTeam "Romania"]
[BlackTeam "Poland"]
[WhiteTeamCountry "ROU"]
[BlackTeamCountry "POL"]

1. d4 g6 2. c4 c5 3. Nf3 Bg7 4. e4 Qb6 5. dxc5 Qxc5 6. Be2 Qb4+ 7. Nbd2 Nc6 8. 0-0 d6 9. Rb1 Nf6 10. a3 Qb6 11. b4 0-0 12. Qc2 Bg4 13. h3 Bd7 14. Nb3 Qc7 15. Be3 Nd8 16. Bd3 Rc8 17. Nbd4 e5 18. Ne2 Ne6 19. Qd2 b6 20. Nc3 Rfe8 21. Nd5 Qb7 22. Rbc1 Nxd5 23. cxd5 Rxc1 24. Rxc1 Nc7 25. Qe2 Rc8 26. b5 Ne8 27. Rc6 Bxc6 28. bxc6 Qe7 29. a4 Nc7 30. a5 bxa5 31. Nd2 Rb8 32. Nc4 Nb5 33. Qa2 f5 34. Qxa5 fxe4 35. Bxe4 Nd4 36. g3 Bf6 37. Kg2 Bg7 38. h4 Bf6 39. h5 gxh5 40. Bxd4 exd4 41. Bf5 h4 42. Nd2 hxg3 43. Be6+ Kf8 44. c7 1/2-1/2

[Event "IECC CL4-2012.09 email"]
[Site "IECC email"]
[Date "2012.11.25"]
[Round "?"]
[White "Hargreaves, John Richard"]
[Black "Negru, Laurentiu"]
[Result "0-1"]
[WhiteElo "1773"]
[BlackElo "1639"]
[PlyCount "120"]
[EventDate "2012.??.??"]
[EventType "tourn (corr)"]
[EventRounds "4"]
[SourceTitle "Telechess CBM 165"]
[Source "ChessBase"]
[SourceDate "2015.03.11"]
[SourceVersion "1"]
[SourceVersionDate "2015.03.11"]
[SourceQuality "1"]
[WhiteTeam "England"]
[BlackTeam "Romania"]
[WhiteTeamCountry "ENG"]
[BlackTeamCountry "ROU"]

1. Nf3 d5 2. g3 b6 3. Bg2 Bb7 4. d4 e6 5. 0-0 Nf6 6. Nc3 Nc6 7. a3 Be7 8. b4 0-0 9. Qd3 a6 10. Re1 h6 11. Bf4 Bd6 12. e3 Ne7 13. Be5 Ne4 14. Rab1 Ng6 15. Bxd6 cxd6 16. Nd2 Nxd2 17. Qxd2 Rc8 18. Rb3 Re8 19. b5 a5 20. Qd3 Rc4 21. Ra1 Qc7 22. a4 Rc8 23. Raa3 f5 24. h4 Qf7 25. Qd1 Nf8 26. Ne2 Nd7 27. Qd3 Nf6 28. Rb1 g5 29. hxg5 hxg5 30. Ra2 Kf8 31. f3 Ke7 32. Rf1 Rh8 33. Ra3 g4 34. Raa1 Rhc8 35. c3 Qh5 36. Kf2 gxf3 37. Bxf3 Qh2+ 38. Ke1 Ne4 39. Bxe4 dxe4 40. Qd2 Bd5 41. Qc1 Rh8 42. Rf2 Qh1+ 43. Kd2 Qxc1+ 44. Nxc1 Rh1 45. g4 fxg4 46. Rg2 Rc8 47. Nb3 Rxa1 48. Nxa1 Rg8 49. Kc2 g3 50. Nb3 Bxb3+ 51. Kxb3 Kf6 52. Rg1 Kf5 53. c4 Kg4 54. c5 Kf3 55. cxb6 Kxe3 56. b7 Kf2 57. Rc1 g2 58. Rc2+ Kf3 59. Rc1 Rb8 60. d5 Rxb7 0-1

[Event "IECC CL5-2011.11 email"]
[Site "IECC email"]
[Date "2011.07.02"]
[Round "?"]
[White "Negru, Laurentiu"]
[Black "Baker, Matthew JD"]
[Result "1-0"]
[WhiteElo "1588"]
[BlackElo "1546"]
[PlyCount "65"]
[EventDate "2011.??.??"]
[EventType "tourn (corr)"]
[EventRounds "4"]
[SourceTitle "Telechess CBM 145"]
[Source "Chessbase"]
[SourceDate "2011.11.11"]
[SourceVersion "1"]
[SourceVersionDate "2011.11.11"]
[SourceQuality "1"]
[WhiteTeam "Romania"]
[BlackTeam "US of America"]
[WhiteTeamCountry "ROU"]
[BlackTeamCountry "USA"]

1. d4 d5 2. c4 dxc4 3. e3 e6 4. Bxc4 c5 5. Nf3 Nf6 6. 0-0 a6 7. dxc5 Qxd1 8. Rxd1 Bxc5 9. Nbd2 Nc6 10. a3 Be7 11. a4 0-0 12. b3 e5 13. Bb2 Bg4 14. h3 Bh5 15. g4 Nxg4 16. hxg4 Bxg4 17. Kg2 Bb4 18. Bd5 Ne7 19. Bxb7 Ra7 20. Be4 f5 21. Bd3 e4 22. Bc4+ Kh8 23. Ng5 Bxd1 24. Rxd1 h6 25. Rh1 Ng8 26. Nf1 Be7 27. Ne6 Rf7 28. Bd4 Rb7 29. Ng3 Bf6 30. Nc5 Ra7 31. Bxf7 Bxd4 32. exd4 Ne7 33. d5 1-0

[Event "IECC CL4-2010.04 email"]
[Site "IECC email"]
[Date "2010.06.20"]
[Round "?"]
[White "Bertel, Michael"]
[Black "Negru, Laurentiu"]
[Result "1-0"]
[WhiteElo "1815"]
[BlackElo "1623"]
[PlyCount "27"]
[EventDate "2010.??.??"]
[EventType "tourn (corr)"]
[EventRounds "4"]
[SourceTitle "Corr 2013"]
[Source "ChessBase"]
[SourceDate "2012.11.12"]
[SourceVersion "1"]
[SourceVersionDate "2012.11.12"]
[SourceQuality "1"]
[WhiteTeam "Japan"]
[BlackTeam "South Africa"]
[WhiteTeamCountry "JPN"]
[BlackTeamCountry "RSA"]

1. e4 c5 2. Nf3 Nc6 3. d4 cxd4 4. Nxd4 Nf6 5. Nxc6 bxc6 6. Nc3 e5 7. Qd3 Bb4 8. a3 Bxc3+ 9. Qxc3 0-0 10. Bd3 h6 11. Qxe5 Re8 12. Qd4 d6 13. b4 c5 14. bxc5 1-0

[Event "IECC CL4-2010.04 email"]
[Site "IECC email"]
[Date "2010.06.20"]
[Round "?"]
[White "Negru, Laurentiu"]
[Black "Kawagoe, Toshiji"]
[Result "1/2-1/2"]
[WhiteElo "1591"]
[BlackElo "1630"]
[PlyCount "83"]
[EventDate "2010.??.??"]
[EventType "tourn (corr)"]
[EventRounds "4"]
[SourceTitle "Telechess CBM 149"]
[Source "ChessBase"]
[SourceDate "2012.07.17"]
[SourceVersion "1"]
[SourceVersionDate "2012.07.17"]
[SourceQuality "1"]
[WhiteTeam "Romania"]
[BlackTeam "Japan"]
[WhiteTeamCountry "ROU"]
[BlackTeamCountry "JPN"]

1. e4 e6 2. d4 d5 3. Nc3 Bb4 4. e5 c5 5. a3 Bxc3+ 6. bxc3 Ne7 7. Qg4 cxd4 8. Qxg7 Rg8 9. Qxh7 Qc7 10. Ne2 Nbc6 11. f4 Bd7 12. Qd3 dxc3 13. Qxc3 Nf5 14. Rb1 d4 15. Qd3 0-0-0 16. Rg1 Na5 17. g4 Ba4 18. c4 Nh4 19. Rg3 Qxc4 20. Qxc4+ Nxc4 21. Rb4 b5 22. Ng1 Ne3 23. Bxe3 dxe3 24. Ke2 a5 25. Re4 Bc2 26. Rexe3 b4 27. axb4 axb4 28. Kf2 Kc7 29. Bd3 Bxd3 30. Rxd3 Rxd3 31. Rxd3 Rxg4 32. Ne2 Rg2+ 33. Ke1 Kb6 34. h3 Rh2 35. Kd1 Kb5 36. Rd7 Rxh3 37. Rxf7 Nf3 38. f5 b3 39. Rb7+ Kc4 40. Rc7+ Kb4 41. Kc1 Rh1+ 42. Kb2 1/2-1/2

[Event "IECC CL4-2010.04 email"]
[Site "IECC email"]
[Date "2010.06.20"]
[Round "?"]
[White "Negru, Laurentiu"]
[Black "Maggiora, Aldo"]
[Result "0-1"]
[WhiteElo "1604"]
[BlackElo "1685"]
[PlyCount "26"]
[EventDate "2010.??.??"]
[EventType "tourn (corr)"]
[EventRounds "4"]
[SourceTitle "Corr 2013"]
[Source "ChessBase"]
[SourceDate "2012.11.12"]
[SourceVersion "1"]
[SourceVersionDate "2012.11.12"]
[SourceQuality "1"]
[WhiteTeam "Romania"]
[BlackTeam "Italy"]
[WhiteTeamCountry "ROU"]
[BlackTeamCountry "ITA"]

1. d4 Nf6 2. c4 e6 3. Nc3 Bb4 4. f3 c5 5. d5 d6 6. e4 0-0 7. Bd3 exd5 8. exd5 Bxc3+ 9. bxc3 Nbd7 10. Ne2 Ne5 11. 0-0 Re8 12. g4 Qb6 13. Ng3 Nxd5 0-1

[Event "IECC Swiss-549"]
[Site "IECC email"]
[Date "2010.02.08"]
[Round "?"]
[White "Hasan, Khandakar Kayes"]
[Black "Negru, Laurentiu"]
[Result "0-1"]
[WhiteElo "1807"]
[BlackElo "1604"]
[PlyCount "44"]
[EventDate "2010.??.??"]
[EventType "match (corr)"]
[SourceTitle "Corr 2013"]
[Source "ChessBase"]
[SourceDate "2012.11.12"]
[SourceVersion "1"]
[SourceVersionDate "2012.11.12"]
[SourceQuality "1"]
[WhiteTeam "US of America"]
[BlackTeam "Romania"]
[WhiteTeamCountry "USA"]
[BlackTeamCountry "ROU"]

1. e4 c5 2. Nf3 d6 3. d4 cxd4 4. Nxd4 Nf6 5. Nc3 a6 6. Be3 Ng4 7. Bg5 h6 8. Bc1 Nf6 9. Bc4 e6 10. 0-0 Qc7 11. Bb3 Bd7 12. Be3 Be7 13. f4 Nc6 14. f5 Nxd4 15. Bxd4 e5 16. Bf2 0-0 17. Nd5 Nxd5 18. Qxd5 Bc6 19. Qd3 b5 20. c4 Rfd8 21. cxb5 axb5 22. Qxb5 Bxb5 0-1

[Event "IECC CL5-2003.16 email"]
[Site "IECC email"]
[Date "2003.07.28"]
[Round "?"]
[White "Allen, Ralph C"]
[Black "Negru, Laurentiu"]
[Result "0-1"]
[WhiteElo "1522"]
[BlackElo "1525"]
[PlyCount "48"]
[EventDate "2003.??.??"]
[EventType "tourn (corr)"]
[EventRounds "4"]
[SourceTitle "Corr 2008"]
[Source "ChessBase"]
[SourceDate "2008.06.24"]
[SourceVersion "1"]
[SourceVersionDate "2008.06.24"]
[SourceQuality "1"]

1. d4 Nf6 2. Nf3 e6 3. e3 b6 4. Nbd2 d5 5. Bd3 Ba6 6. Bxa6 Nxa6 7. c4 c6 8. Ne5 Qc7 9. Qa4 Nb8 10. 0-0 Bd6 11. cxd5 exd5 12. Ndf3 0-0 13. Bd2 a5 14. Rfc1 Rc8 15. Rc2 Ne4 16. Be1 b5 17. Qb3 Qb7 18. Rac1 a4 19. Qxd5 cxd5 20. Rxc8+ Bf8 21. R1c7 Qa6 22. Rd8 a3 23. Rxf7 Nd7 24. Rxa8 Qxa8 0-1

[Event "IECC CL5-2003.16 email"]
[Site "IECC email"]
[Date "2003.07.28"]
[Round "?"]
[White "Negru, Laurentiu"]
[Black "Tessieri, Franco"]
[Result "0-1"]
[WhiteElo "1536"]
[BlackElo "1502"]
[PlyCount "62"]
[EventDate "2003.??.??"]
[EventType "tourn (corr)"]
[EventRounds "4"]
[SourceTitle "Corr 2008"]
[Source "ChessBase"]
[SourceDate "2008.06.24"]
[SourceVersion "1"]
[SourceVersionDate "2008.06.24"]
[SourceQuality "1"]

1. d4 d5 2. c4 Nf6 3. cxd5 Nxd5 4. e4 Nb6 5. Nf3 Bg4 6. h3 Bxf3 7. gxf3 e6 8. Nc3 c6 9. Be3 N8d7 10. Rg1 g6 11. a3 Nf6 12. Qb3 h6 13. a4 Qc7 14. a5 Nc8 15. d5 exd5 16. exd5 Bg7 17. dxc6 bxc6 18. a6 Rb8 19. Qa3 Bf8 20. Qa4 Bd6 21. 0-0-0 Nb6 22. Qc2 Bh2 23. Rh1 Bf4 24. Bg2 Nc4 25. Ne4 Qe5 26. Bf1 Nxe3 27. fxe3 Bxe3+ 28. Kb1 Nxe4 29. fxe4 0-0 30. Bc4 Bd4 31. b3 c5 0-1

[Event "IECC CL5-2003.16 email"]
[Site "IECC email"]
[Date "2003.07.28"]
[Round "?"]
[White "Wakeham, Marc R"]
[Black "Negru, Laurentiu"]
[Result "1/2-1/2"]
[WhiteElo "1559"]
[BlackElo "1523"]
[PlyCount "82"]
[EventDate "2003.??.??"]
[EventType "tourn (corr)"]
[EventRounds "4"]
[SourceTitle "Corr 2008"]
[Source "ChessBase"]
[SourceDate "2008.06.24"]
[SourceVersion "1"]
[SourceVersionDate "2008.06.24"]
[SourceQuality "1"]

1. e4 c5 2. c3 d5 3. exd5 Qxd5 4. d4 cxd4 5. Nf3 Bg4 6. Be2 d3 7. 0-0 Bf5 8. Ne1 Nc6 9. Nxd3 0-0-0 10. Nf4 Qxd1 11. Rxd1 Rxd1+ 12. Bxd1 Nf6 13. Nd2 e6 14. Nb3 h5 15. Be3 Bd6 16. Be2 g5 17. Nd3 Ng4 18. Bxg5 Bxh2+ 19. Kf1 Bc7 20. Bh4 Bd8 21. Bxd8 Rxd8 22. Rd1 Nf6 23. Nf4 Rxd1+ 24. Bxd1 h4 25. Be2 Ne5 26. f3 Kc7 27. Kf2 Bb1 28. a3 Kd6 29. Ke3 b6 30. Nd4 Nd5+ 31. Nxd5 Kxd5 32. b3 a5 33. f4 Ng6 34. c4+ Kd6 35. b4 a4 36. Nb5+ Kd7 37. Nc3 Bc2 38. c5 bxc5 39. bxc5 Ne7 40. Bb5+ Kc7 41. Bxa4 Bxa4 1/2-1/2

[Event "IECC KO email"]
[Site "IECC email"]
[Date "2003.05.20"]
[Round "?"]
[White "Lind, Anders"]
[Black "Negru, Laurentiu"]
[Result "1/2-1/2"]
[WhiteElo "1250"]
[BlackElo "1533"]
[PlyCount "54"]
[EventDate "2003.??.??"]
[EventType "tourn (corr)"]
[EventRounds "6"]
[SourceTitle "Corr 2008"]
[Source "ChessBase"]
[SourceDate "2008.06.24"]
[SourceVersion "1"]
[SourceVersionDate "2008.06.24"]
[SourceQuality "1"]

1. e4 c5 2. Nf3 d6 3. d4 cxd4 4. Nxd4 Nf6 5. Nc3 a6 6. Bc4 e6 7. Bb3 Nbd7 8. 0-0 Nc5 9. Re1 Be7 10. Kh1 0-0 11. f4 e5 12. Nf5 Bxf5 13. exf5 Nxb3 14. axb3 h6 15. fxe5 dxe5 16. Rxe5 Qc7 17. Re1 Bd6 18. g3 Qc6+ 19. Kg1 Bc5+ 20. Be3 Bxe3+ 21. Rxe3 Qc5 22. Qf3 Ng4 23. Nd1 Nxe3 24. Nxe3 Rfe8 25. Re1 Rad8 26. Re2 b5 27. Kf2 Qe5 1/2-1/2

[Event "IECC KO email"]
[Site "IECC email"]
[Date "2003.05.20"]
[Round "?"]
[White "Negru, Laurentiu"]
[Black "Lind, Anders"]
[Result "1-0"]
[WhiteElo "1528"]
[BlackElo "1255"]
[PlyCount "47"]
[EventDate "2003.??.??"]
[EventType "tourn (corr)"]
[EventRounds "6"]
[SourceTitle "Corr 2008"]
[Source "ChessBase"]
[SourceDate "2008.06.24"]
[SourceVersion "1"]
[SourceVersionDate "2008.06.24"]
[SourceQuality "1"]

1. e4 e5 2. Nf3 Nc6 3. Bc4 Bc5 4. b4 Bxb4 5. c3 Bc5 6. d4 exd4 7. 0-0 dxc3 8. Bxf7+ Kxf7 9. Qd5+ Ke8 10. Qh5+ g6 11. Qxc5 Nf6 12. Nxc3 d6 13. Qc4 Bg4 14. Ng5 Rf8 15. h3 Bd7 16. Nf3 Na5 17. Qe2 Qe7 18. Bh6 Rg8 19. Rfe1 Rd8 20. e5 dxe5 21. Qxe5 Be6 22. Qxe6 Qxe6 23. Rxe6+ Kf7 24. Ng5# 1-0

[Event "IECC CL5-2003.08 email"]
[Site "IECC email"]
[Date "2003.04.01"]
[Round "?"]
[White "Hightower, Dean Joseph"]
[Black "Negru, Laurentiu"]
[Result "0-1"]
[WhiteElo "1471"]
[BlackElo "1543"]
[PlyCount "36"]
[EventDate "2003.??.??"]
[EventType "tourn (corr)"]
[EventRounds "4"]
[SourceTitle "Corr 2008"]
[Source "ChessBase"]
[SourceDate "2008.06.24"]
[SourceVersion "1"]
[SourceVersionDate "2008.06.24"]
[SourceQuality "1"]

1. e4 c5 2. f4 Nc6 3. Nf3 e6 4. d4 d5 5. exd5 exd5 6. Be2 Bg4 7. 0-0 Bxf3 8. Rxf3 Nxd4 9. Re3+ Be7 10. Bd3 c4 11. Bxh7 Rxh7 12. Qxd4 Nf6 13. Nc3 Kf8 14. Re2 Rc8 15. Kh1 Bc5 16. Qd2 Ne4 17. Qe1 Bf2 18. Rxf2 Ng3+ 0-1

[Event "IECC KO email"]
[Site "IECC email"]
[Date "2002.09.30"]
[Round "?"]
[White "Melo, Olavo"]
[Black "Negru, Laurentiu"]
[Result "0-1"]
[WhiteElo "1258"]
[BlackElo "1537"]
[PlyCount "56"]
[EventDate "2002.??.??"]
[EventType "tourn (corr)"]
[EventRounds "6"]
[SourceTitle "Corr 2008"]
[Source "ChessBase"]
[SourceDate "2008.06.24"]
[SourceVersion "1"]
[SourceVersionDate "2008.06.24"]
[SourceQuality "1"]

1. e4 c5 2. Nf3 d6 3. Bb5+ Bd7 4. Bxd7+ Nxd7 5. 0-0 Ngf6 6. Qe2 e6 7. b3 Be7 8. Bb2 0-0 9. c4 a6 10. d4 cxd4 11. Nxd4 Qb6 12. Nc2 Rad8 13. Nc3 Rfe8 14. Rad1 Bf8 15. Kh1 Qa5 16. a3 h5 17. f4 g6 18. h3 Nh7 19. Qf3 Qc7 20. g4 hxg4 21. hxg4 g5 22. f5 Ne5 23. Qh3 Bg7 24. Rd2 b5 25. Rh2 Nf6 26. Ne3 bxc4 27. bxc4 Qb7 28. Qg2 Rc8 0-1